5HLuxD.jpg

KING HENRY VIII SENIOR AND PRIMARY SCHOOL LIBRARY OPAC

WARRIORS NIGHT WHISPERS (Record no. 5863)

000 -LEADER
fixed length control field 00896nam a22002057a 4500
005 - DATE AND TIME OF LATEST TRANSACTION
control field 20251120100315.0
008 - FIXED-LENGTH DATA ELEMENTS--GENERAL INFORMATION
fixed length control field 251120b ||||| |||| 00| 0 eng d
020 ## - INTERNATIONAL STANDARD BOOK NUMBER
International Standard Book Number 9780061555176
040 ## - CATALOGING SOURCE
Transcribing agency KH8
082 ## - DEWEY DECIMAL CLASSIFICATION NUMBER
Classification number 823.92 HUN
100 ## - MAIN ENTRY--PERSONAL NAME
Personal name HUNTER,ERIN
Relator term AUTHOR
245 ## - TITLE STATEMENT
Title WARRIORS NIGHT WHISPERS
260 ## - PUBLICATION, DISTRIBUTION, ETC.
Place of publication, distribution, etc. 195 Broadway,New York,NY 10007
Name of publisher, distributor, etc. HarperCollins Publishers
Date of publication, distribution, etc. ©2010
300 ## - PHYSICAL DESCRIPTION
Extent 348 pages
Other physical details illustration
Dimensions 13cm x 19cm
520 ## - SUMMARY, ETC.
Summary, etc. Discover the origins of the warrior Clans in this thrilling prequel to Erin Hunter's #1 nationally bestselling Warriors series. The first book in the Dawn of the Clans series takes readers back to the earliest days of the Clans, when the cats first settled in the forest and began to forge the warrior code.
650 ## - SUBJECT ADDED ENTRY--TOPICAL TERM
Source of heading or term Juvenile Fiction
Topical term or geographic name entry element Cats
650 ## - SUBJECT ADDED ENTRY--TOPICAL TERM
Source of heading or term Juvenile Fiction
Topical term or geographic name entry element Warriors
655 ## - INDEX TERM--GENRE/FORM
Source of term Juvenile Fiction
Genre/form data or focus term Fantasy
942 ## - ADDED ENTRY ELEMENTS (KOHA)
Source of classification or shelving scheme
Koha item type Books - Non Ficton
Holdings
Withdrawn status Lost status Source of classification or shelving scheme Damaged status Not for loan Collection code Permanent Location Current Location Shelving location Date acquired Full call number Barcode Date last seen Price effective from Koha item type Public note
          Fiction KH8 Primary School Library KH8 Primary School Library Fiction 2025-11-20 823.92 HUN KHPL000007245 2025-12-05 2025-11-20 Books - Fiction PRIMARY LIBRARY

Powered By KH8 IT Dept